000 01082cam a22003134a 4500
001 14599118
003 OSt
005 20160729170358.0
008 061017s2007 pau 000 0 eng
010 _a 2006034475
020 _a1416025979
035 _a(DNLM)101290122
040 _aDNLM/DLC
_cDLC
_dDLC
042 _apcc
082 _aWB 100
_bP179i 2007
245 0 0 _aPalliative care :
_bcore skills and clinical competencies /
_c[edited by] Linda Emanuel, S. Lawrence Librach.
250 _a1st ed.
260 _aPhiladelphia, PA :
_bSaunders/Elsevier,
_c2007.
300 _axxx, 705 p. ;
_c23 cm.
650 0 _aPalliative treatment.
_910516
650 1 2 _aPalliative Care.
_91786
650 2 2 _aClinical Competence.
_92028
700 1 _aEmanuel, Linda L.
_910517
700 1 _aLibrach, S. Lawrence.
_910518
856 4 1 _3Table of contents only
_uhttp://www.loc.gov/catdir/toc/ecip073/2006034475.html
906 _a7
_bcbc
_corignew
_d1
_eecip
_f20
_gy-gencatlg
942 _2z
_cO_SHELF
999 _c4894
_d4894